Porovnanie populačného vývoja v Slovenskej republike a v Českej republike v rokoch 1993-2015 diplomová práca

Uložené v:
Podrobná bibliografia
Hlavný autor: Parobok, Erik
Korporativný autor: Fakulta hospodárskej informatiky EU. Katedra štatistiky
Ďalší autori: Sivašová, Daniela, 1955-
Médium: Kniha
Jazyk:Slovak
Vydavateľské údaje: Bratislava 2018
Tagy: Pridať tag
Žiadne tagy, Buďte prvý, kto otaguje tento záznam!

MARC

LEADER 00000nbm a2200000 4500
001 0245216
005 20181010105608.9
041 0 |a slo 
044 |a SK 
245 1 0 |a Porovnanie populačného vývoja v Slovenskej republike a v Českej republike v rokoch 1993-2015  |b diplomová práca  |c Erik Parobok ; školiteľ: Daniela Sivašová 
264 1 |a Bratislava  |c 2018 
300 |a 61 s. 
100 1 |a Parobok, Erik 
700 1 |a Sivašová, Daniela, 1955- 
710 2 |a Fakulta hospodárskej informatiky EU. Katedra štatistiky